000 00514cam a22002171 4500
001 sa 67001566
003 DLC
005 20260227112324.0
008 891108s1966 ii 000 1 beno
010 _asa 67001566
035 _a(OCoLC)20616275
040 _aDLC
_cWaU
_dDLC
042 _apremarc
050 0 0 _aPK1718.B39
_bT5
100 1 _aBasu, Samareśa,
_d1924-1988.
245 1 0 _aTina bhubanera pāre.
260 _c[1966]
300 _a120 p.
_c23 cm.
500 _aIn Bengali.
500 _aA novel.
999 _c72723
_d72723